On the academic disadvantage of low social class individuals : (Record no. 23887)
[ view plain ]
| 000 -LEADER | |
|---|---|
| fixed length control field | 00902nam a22002057a 4500 |
| 003 - CONTROL NUMBER IDENTIFIER | |
| control field | OSt |
| 005 - DATE AND TIME OF LATEST TRANSACTION | |
| control field | 20260224112620.0 |
| 008 - FIXED-LENGTH DATA ELEMENTS--GENERAL INFORMATION | |
| fixed length control field | 250926b |||||||| |||| 00| 0 eng d |
| 040 ## - CATALOGING SOURCE | |
| Transcribing agency | 0 |
| 082 ## - DEWEY DECIMAL CLASSIFICATION NUMBER | |
| Classification number | DPer 370.15 J826 October-November 2019 v. 111 n. 7-8 |
| 100 ## - MAIN ENTRY--PERSONAL NAME | |
| Personal name | Crouzevialle, Marie. |
| Relator term | author. |
| 9 (RLIN) | 68171 |
| 245 ## - TITLE STATEMENT | |
| Title | On the academic disadvantage of low social class individuals : |
| Remainder of title | pursuing performance goals fosters the emergence of the achievement gap / |
| Statement of responsibility, etc. | Marie Crouzevialle and Céline Darnon. |
| 260 ## - PUBLICATION, DISTRIBUTION, ETC. (IMPRINT) | |
| Place of publication, distribution, etc. | Washington, DC ; |
| Name of publisher, distributor, etc. | American Psychological Association , |
| Date of publication, distribution, etc. | October 2019. |
| 300 ## - PHYSICAL DESCRIPTION | |
| Extent | Volume 111, pages 1161-1172 : |
| Other physical details | illustration ; |
| Dimensions | 28 cm. |
| 500 ## - GENERAL NOTE | |
| General note | Journal of Educational Psychology, vol. 111, no. 7, pages 1161-1172, October 2019. |
| 650 #0 - SUBJECT ADDED ENTRY--TOPICAL TERM | |
| Topical term or geographic name as entry element | Achievement gap. |
| 9 (RLIN) | 64904 |
| 650 #0 - SUBJECT ADDED ENTRY--TOPICAL TERM | |
| Topical term or geographic name as entry element | Educationally disadvantaged. |
| 9 (RLIN) | 68172 |
| 650 #0 - SUBJECT ADDED ENTRY--TOPICAL TERM | |
| Topical term or geographic name as entry element | Intelligence tests. |
| 9 (RLIN) | 68173 |
| 942 ## - ADDED ENTRY ELEMENTS (KOHA) | |
| Source of classification or shelving scheme | Dewey Decimal Classification |
| Koha item type | Periodicals |
| Withdrawn status | Lost status | Source of classification or shelving scheme | Damaged status | Not for loan | Collection code | Home library | Current library | Date acquired | Total Checkouts | Full call number | Date last seen | Price effective from | Koha item type | Public note |
|---|---|---|---|---|---|---|---|---|---|---|---|---|---|---|
| Dewey Decimal Classification | Periodicals | UM Digos College - LIC | UM Digos College - LIC | 09/26/2025 | DPer 370.15 J826 October-November 2019 v. 111 n. 7-8 | 09/26/2025 | 09/26/2025 | Periodicals | Periodical Article |
